Library Banner

The origins of the partition of India 1936-47 (Record no. 68261)

MARC details
000 -LEADER
fixed length control field 00435nam a22001577a 4500
005 - DATE AND TIME OF LATEST TRANSACTION
control field 20150326123717.0
008 - FIXED-LENGTH DATA ELEMENTS--GENERAL INFORMATION
fixed length control field 150326b xxu||||| |||| 00| 0 eng d
020 ## - INTERNATIONAL STANDARD BOOK NUMBER
International Standard Book Number 0195625412
040 ## - CATALOGING SOURCE
Transcribing agency PK-LaUMT
082 ## - DEWEY DECIMAL CLASSIFICATION NUMBER
Classification number KHC 954.0359
Item number ANI-O
100 ## - MAIN ENTRY--PERSONAL NAME
Personal name Anita Inder Singh
245 ## - TITLE STATEMENT
Title The origins of the partition of India 1936-47
Statement of responsibility, etc Anita Inder Singh
260 ## - PUBLICATION, DISTRIBUTION, ETC. (IMPRINT)
Place of publication, distribution, etc Delhi
Name of publisher, distributor, etc Oxford University Press
Date of publication, distribution, etc 1987
300 ## - PHYSICAL DESCRIPTION
Extent 271 p.
942 ## - ADDED ENTRY ELEMENTS (KOHA)
Koha item type Books
Holdings
Withdrawn status Lost status Damaged status Home library Current library Date acquired Full call number Barcode Date last seen Price effective from Koha item type
      UMT Main Campus UMT Main Campus 2015-03-26 KHC 954.0359 ANI-O 73590 2015-03-26 2015-03-26 Books